| 000 | 00689nam a2200181 a 4500 | ||
|---|---|---|---|
| 003 | 0 | ||
| 005 | 20250421111448.0 | ||
| 008 | 060801s19uu xx 00 eng d | ||
| 050 |
_aPHS TK 5105.875.I57 _b.K66 2006 |
||
| 100 | _aKomatsu, Tetsuya O. | ||
| 245 |
_aFactors affecting internet cafe investors in Las Piñas / _cTetsuya O. Komatsu. |
||
| 260 |
_aLas Piñas City, Philippines : _bSouthville International School and Colleges, _c2006. |
||
| 300 |
_a36 pages : _billustrations ; _c28 cm. |
||
| 504 | _aIncludes bibliographical references. | ||
| 650 |
_aInternet cafés _xEconomic aspects _zPhilippines _zLas Piñas. |
||
| 650 |
_aInvestors _zPhilippines _zLas Piñas. |
||
| 942 |
_2lcc _cPASS |
||
| 999 |
_c97631 _d97631 |
||